| 000 | 00685nam a2200229Ia 4500 | ||
|---|---|---|---|
| 001 | 9154 | ||
| 003 | GE_BSU | ||
| 008 | 181216s||||||||xx |||||||||||||| ||und|| | ||
| 040 | _cGE_BSU | ||
| 080 | _a821.353.1-31 | ||
| 100 | _aლისაშვილი,იაკინთე | ||
| 245 | _aკეცხოველი | ||
| 245 | _bრომანი | ||
| 245 | _cრედ.ი.აბაშიძე.მხატვ.ი.ჯანაშვილი | ||
| 260 | _aთბილისი | ||
| 260 | _bსაბჭ.მწერალი | ||
| 260 | _c1957 | ||
| 300 | _a509გვ.21სმ. | ||
| 653 | _aკეცხოველი | ||
| 653 | _aრომანი | ||
| 942 | _cBK | ||
| 999 |
_c42458 _d42458 |
||